| 000 | 00962nac a22002655a 4500 | ||
|---|---|---|---|
| 008 | 150816t2006 ny a f b 001 0 eng d | ||
| 010 | _a 2005031598 | ||
| 020 |
_a0321356705 _z9780321356703 |
||
| 035 | _a(OCoLC)ocm62281747 | ||
| 040 |
_aEG-ScBUE _beng _cEG-ScBUE |
||
| 082 | 0 | 4 |
_a005.8 _bMCG _222 |
| 100 | 1 | _aMcGraw, Gary. | |
| 245 | 1 | 0 |
_aSoftware security : _bbuilding security in / _cGary McGraw. |
| 260 |
_aUpper Saddle River, NJ : _bPearson Education, _cc.2006. |
||
| 300 |
_axxxvi, 408 p. : _bill. ; _c24 cm + _e1 CD-ROM (4 3/4 in.). |
||
| 490 | 0 | _aAddison-Wesley software security series | |
| 500 | _aIndex : p. 395-408. | ||
| 504 | _aIncludes bibliographical references. | ||
| 590 | _aCatalogued by : Mostafa El-Helaly | ||
| 650 | 0 |
_aComputer security. _2BUEsh |
|
| 651 | _2BUEsh | ||
| 653 | _cAugust2015 | ||
| 856 | 4 | 1 |
_3Table of contents only _uhttp://www.loc.gov/catdir/toc/ecip062/2005031598.html |
| 942 |
_cBB _k005.8M4599 _2ddc |
||
| 999 |
_c8061 _d2803 |
||